| 000 | 00602nam a2200217 a 4500 | ||
|---|---|---|---|
| 005 | 20240925065302.0 | ||
| 008 | 160205s2013 mx r 000 0 spa d | ||
| 020 | _a9788497847766 | ||
| 035 | _aUPN01000207865 | ||
| 049 | _aCG | ||
| 050 | 4 |
_aQ175 _bM6.5 |
|
| 100 | 1 |
_aMosterín, Jesús, _d1941- _938539 |
|
| 245 | 1 | 0 |
_aCiencia, filosofía y racionalidad / _cJesús Mosterín. |
| 260 |
_aBarcelona, Esp. : _bGedisa, _c2013. |
||
| 300 | _a358 p. | ||
| 440 | 0 |
_aCla.De.Ma. _pFilosofía |
|
| 650 | 4 |
_aCiencia _xFilosofía _94696 |
|
| 650 | 2 |
_aRacionalismo _920190 |
|
| 905 | _aLibro | ||
| 999 |
_c179966 _d179966 |
||